000 00584nam a2200181Ia 4500
008 090123s9999 xx 000 0 und d
082 _b17030
100 _aभाजेकर आशा
245 _aबहाद्दर बातमीदार
250 _a1
260 _bमॅजेस्टिक प्रकाशन
_c1978
300 _a84
600 _aभाजेकर आशा
630 _aबहाद्दर बातमीदार
700 _aभाजेकर आशा
730 _aबहाद्दर बातमीदार
942 _cBOOK
999 _c55090
_d55090